| 000 | 00484nam a22001577a 4500 | ||
|---|---|---|---|
| 008 | 160214b xxu||||| |||| 00| 0 eng d | ||
| 020 | _a9716420315 | ||
| 082 |
_22014 _aDFil 320 _bZ1p |
||
| 100 |
_92957 _aZaide, Sonia M. |
||
| 245 |
_aPolitical science/ _cSonia M. Zaide. |
||
| 250 | _aSecond Edition | ||
| 260 |
_aQuezon City: _bAll-Nations Publishing Co., Inc. _c©2014. |
||
| 300 |
_avii, 273 pages: _billustrations; _c23 cm. |
||
| 650 | 0 |
_92958 _aPolitical science |
|
| 942 |
_2ddc _cDFIL |
||
| 999 |
_c1079 _d1079 |
||